| 000 | 00573cam a22002053a 4500 | ||
|---|---|---|---|
| 001 | 40285 | ||
| 003 | PGUSA | ||
| 005 | 20140828083912.0 | ||
| 008 | 120720s2012||||xxu|||||s|||||000 | eng d | ||
| 040 |
_aPGUSA _beng |
||
| 042 | _adc | ||
| 100 | 1 | _aRihbany, Abraham Mitrie | |
| 245 | 1 | 4 |
_aThe Syrian Christ _h[electronic resource] / _cAbraham Mitrie Rihbany |
| 260 |
_bProject Gutenberg, _c2012 |
||
| 506 | _aPublic domain in the USA. | ||
| 516 | _aElectronic text | ||
| 830 | 0 |
_aProject Gutenberg _v40285 |
|
| 856 | 4 | 0 | _uhttp://www.gutenberg.org/ebooks/40285 |
| 942 | _cEB | ||
| 999 |
_c269538 _d269538 |
||